Tracklist Chambre 140-PLK (part-3) - Statistiques

Statistiques générales
  • Ce quiz a été pris 109 fois
  • Le résultat moyen est 18 sur 28
Statistiques - réponses
Titre % Correct
Il pleut à paris
79%
EA7
75%
1€/1Eu
73%
Faut pas
73%
ça mène à rien
71%
Chouchou
70%
Onana
70%
Bikini Bottom
68%
En mieux
68%
Périph
68%
ça fait longtemps
64%
Une pêche une patate
64%
Avec les miens
63%
Chambre 140
63%
Mignon tout plein
63%
Mon poto
63%
Dangereux
61%
Flash
61%
Gare du nord
61%
La nuit
59%
Sun
59%
A l'envers
54%
Interlude
52%
Interlude
52%
Interlude
52%
J'attends
52%
La vraie vie
52%
P*tain
52%
Aucun quiz correspondant
Distribution des résultats
% des personnes avec chaque résultat
Percentile par nombre de réponses
Votre historique - résultats
Vous n’avez pas pris ce quiz